| 000 | 00349 a2200109 4500 | ||
|---|---|---|---|
| 001 | ART_51849 | ||
| 005 | 20260410161632.0 | ||
| 008 | 260409a | ||
| 245 | 1 | 0 | _aQuince respuestas sobre tecnología, costos y precios de la vacuna contra COVID-19 |
| 100 | 1 | _aSmolje, Alejandro R. | |
| 773 | 0 |
_tEnfoques _g- N°12 (dic. 2020) _wREV416 |
|
| 999 |
_c12555 _d12555 |
||